000 00421nam a2200181Ia 4500
001 23954
005 20260414151011.0
008 260414t1981||||xx |||||||||||||| ||spa||
041 _aESP
082 _a724.9
_bM95
100 _aMuntañola, Josep,
_eAUT
245 0 _aPoética y arquitectura
_b
260 _c1981
300 _a121 páginas :
_c20 cm.
650 _aABD
654 _aCAU
942 _cLIB
_dJUS
_fJUS
_2ddc
_n
999 _c23954
_d23954